000 01040nam a2200277 a 4500
001 45538
003 BD-RjUL
005 20211209054029.0
008 160726s1956 nek 00010 eng d
035 _a(BD-RjUL)45656
035 _a433206
040 _aANL
_beng
_dANL
_cBD-RjUL
041 _aeng
082 0 _220
_a330.9472
_bKRN 1956
100 1 _aKrypton, Constantine,
_9139398
245 1 4 _aThe northern sea route and the economy of the Soviet north /
_cby Constantine Krypton.
260 _aLondon :
_bMethuen & Co. ,
_c1956.
300 _aix, 219 p.:
_bmap ;
_c22 cm.
490 0 _aResearch programme on the U.S.S.R.: Studies ;
_vno.14
500 _aPraeger publications in Russian history and world communism, no.42.
500 _aA continuation of The northern sea route: its place in Russian economic history *** 1917.
651 0 _aNortheast Passage
_xEconomic aspects.
_9139399
651 0 _aRussia, Northern
_xEconomic conditions.
_9139400
651 0 _aSiberia (Russia)
_xEconomic conditions.
_9139401
942 _2ddc
_cBK
999 _c45538
_d45538